=LDR 00000nam 2200000 4500 =001 INLIS000000000032613 =005 20130612134619 =008 ***********************************ind** =035 ##$$0010-061300000032613 =041 ##$$a ind =082 ##$$a 028.5 =090 ##$$a 028.5, Mah l =100 ##$$a MAHARANI =245 ##$$a Lhamban's Journey, To The New Pond, Maharani ; Penyunting, Eva Yuliana =260 ##$$a 2007 $b Jakarta =300 ##$$a 36 hlm, illus, 21 cm =650 ##$$a Bacaan Kanak-kanak =850 ##$$a NBPNMAT